Investigation of the accelerated sulfur vulcanization of polydienes 1 - Reaction products of vulcanization of NR with CBS/S (Record no. 61629)

MARC details
000 -LEADER
fixed length control field 01124nam a2200181Ia 4500
100 ## - MAIN ENTRY--AUTHOR NAME
Personal name Mosch A
245 #0 - TITLE STATEMENT
Title Investigation of the accelerated sulfur vulcanization of polydienes 1 - Reaction products of vulcanization of NR with CBS/S
260 ## - PUBLICATION, DISTRIBUTION, ETC. (IMPRINT)
Name of publisher Kautschuk Gummi Kunststoffe
Year of publication 2003
300 ## - PHYSICAL DESCRIPTION
Number of Pages 184-189
520 ## - SUMMARY, ETC.
Summary, etc The curing process of NR with different CBS/S- ratios was studied in order to get more information about the mechanism of the accelerated sulfur vulcanization. Time dependent collected extracts of the vulcanizates were analyzed by means of HPLC-MS and HPLC-UV. The MS-analysis shows the existence of dibenzothiazolyl-polysulfides during the scorch period. Quantitative analysis of the soluble reaction products demonstrates the influence of the sulfur-accelerator-ratio to the dispoportion of the accelerator and the rate of the crosslinking reaction.
650 ## - SUBJECT ADDED ENTRY--TOPICAL TERM
Topical Term LC-MS-analysis
650 ## - SUBJECT ADDED ENTRY--TOPICAL TERM
Topical Term Sulfur vulcanization
650 ## - SUBJECT ADDED ENTRY--TOPICAL TERM
Topical Term Time concentration relationships of reaction products
700 ## - ADDED ENTRY--PERSONAL NAME
Personal name Giese U
700 ## - ADDED ENTRY--PERSONAL NAME
Personal name Schuster R H
942 ## - ADDED ENTRY ELEMENTS (KOHA)
Koha item type Journals
Holdings
Withdrawn status Lost status Damaged status Not for loan Home library Current library Shelving location Date acquired Serial Enumeration / chronology Koha item type
      Journals RRII Library RRII Library Rubber chemistry 17/12/2021 Volume 56, Issue 4 Journals